La Administracin̤ de justicia digitalizada una necesidad inaplazable /

Detalles Bibliográficos
Autor principal: Gudn̕ Rodrg̕uez-Magariǫs, Faustino
Formato: Libro
Lenguaje:español
Publicado: Barcelona : Experiencia, 2008
Materias:
Acceso en línea:Acceso restringido

MARC

LEADER 00000nam a22000007a 4500
005 20120619182353.0
007 cr |||||||||||
008 120611s2008 spc|||| |||||||| ||spa
017 |a DL B. 33235-2008  |b Biblioteca de Catalunya 
020 |a 9788496283657 
035 |a 6524 
040 |a ES-BaBC  |b cat  |c ES-BaBC  |d vLex 
080 |a 351:681.3 
090 |c 3204  |d 3204 
100 1 |a Gudn̕ Rodrg̕uez-Magariǫs, Faustino 
245 1 3 |a La Administracin̤ de justicia digitalizada  |h [Recurso electrn̤ico] :  |b una necesidad inaplazable /  |c autor: Faustino Gudn̕ Rodrg̕uez-Magariǫs 
256 |a Servicio en ln̕ea 
260 |a Barcelona :  |b Experiencia,  |c 2008 
300 |a 1 recurso electrn̤ico (206 p.) 
504 |a Bibliografia 
506 1 |a Contenido solo disponible en los productos indicados  |d vLex Global   |d vLex Global (Academic Edition, excluding Law Schools)   |d vLex Global (U.S. Academic Edition, Law Schools)   |d vLex Global (U.S. Academic Edition, excluding Law Schools)   |d vLex Global (Academic Edition, Law Schools)  
650 7 |a Administracin̤ electrn̤ica  |z Espaą 
650 7 |a Justicia  |x Administracin̤  |z Espaą 
740 0 |a vLex Libros (servicio en ln̕ea) 
856 4 0 |z Acceso restringido  |u http://vlex.com/source/administracion-justicia-digitalizada-6524 
942 |c BOOK 
999 0 |a Justice 
999 0 |a  Internet in public administration